[Event "Mondiale Lampo FIDE 2022"]
[Site "Alma Ata"]
[Date "29.12.2022"]
[Round "7.30"]
[White "Sanal, Vahap"]
[Black "Vallejo Pons, Francisco"]
[Result "1-0"]
[WhiteTitle ""]
[BlackTitle ""]
[WhiteElo "2597"]
[BlackElo "2716"]
[WhiteFideId "6300545"]
[BlackFideId "2205530"]
[EventDate "29.12.2022"]

1. e4 e6 2. d4 d5 3. Nd2 dxe4 4. Nxe4 Nd7 5. Nf3 Ngf6 6. Nxf6+ Nxf6 7. Ne5 a6 8.
Bd3 c5 9. dxc5 Bxc5 10. O-O O-O 11. Bg5 Be7 12. Re1 Nd7 13. Qh5 g6 14. Nxg6 fxg6
15. Bxg6 hxg6 16. Qxg6+ Kh8 17. Qh6+ Kg8 18. Qg6+ Kh8 19. Re3 Bxg5 20. Rh3+ Bh4
21. Qh6+ Kg8 22. Qg6+ Kh8 23. Qh6+ Kg8 24. Rxh4 Qxh4 25. Qxh4 Nf6 26. Rd1 Bd7
27. Qg3+ Kf7 28. Qc7 Rfd8 29. Qxb7 Rab8 30. Qc7 Rbc8 31. Qa5 Rb8 32. c4 Ke8 33.
Qe5 Kf7 34. h3 Be8 35. Qc7+ Rd7 36. Rxd7+ Nxd7 37. b3 Ke7 38. g4 Rb6 39. f4 a5
40. Kg2 a4 41. c5 Rb5 42. Qd6+ Kf7 43. c6 Rd5 44. Qc7 a3 45. cxd7 Rxd7 46. Qc1
Rd3 47. Qxa3 Bc6+ 48. Kf2 Rxh3 49. Qd6 Bd5 50. g5 Kg6 51. Qe5 Kh5 52. Qh8+ Kg4
53. Qd4 Rf3+ 54. Ke2 Rxf4 55. Qg1+ Kf5 56. g6 Rg4 57. Qb1+ Be4 58. Qc1 Rg2+ 59.
Ke3 Rg3+ 60. Kd4 e5+ 61. Kc5 Rxg6 62. Qf1+ Kg4 63. Qg1+ Kf4 64. Qh2+ Kf5 65.
Qh5+ Kf4 66. Qh4+ Kf5 67. Qf2+ Kg4 68. a4 Rc6+ 69. Kb5 Rc2 70. Qe3 Kf5 71. a5
Rb2 72. a6 Bd5 73. a7 Bxb3 74. Qf3+ Ke6 75. Qc6+ Kf5 76. Qf3+ Ke6 77. Qh3+ Kd6
78. Qh6+ Ke7 79. Qc1 Ba4+ 80. Ka5 Ra2 81. Qc7+ Bd7+ 82. Kb4 Ke6 83. Qc4+ 1-0

[Event "Mondiale Lampo FIDE 2022"]
[Site "Alma Ata"]
[Date "29.12.2022"]
[Round "7.31"]
[White "Asadli, Vugar"]
[Black "Sargissian, Gabriel"]
[Result "1/2-1/2"]
[WhiteTitle ""]
[BlackTitle ""]
[WhiteElo "2567"]
[BlackElo "2699"]
[WhiteFideId "13405764"]
[BlackFideId "13300881"]
[EventDate "29.12.2022"]

1. e4 e5 2. Nf3 Nc6 3. Bb5 a6 4. Ba4 Nf6 5. Nc3 b5 6. Bb3 Bc5 7. O-O d6 8. Nd5
O-O 9. c3 Nxd5 10. Bxd5 Bd7 11. d4 Bb6 12. Bg5 Qe8 13. Re1 Rb8 14. a3 Bg4 15.
Bxc6 Qxc6 16. dxe5 Bxf3 17. Qxf3 dxe5 18. Rad1 1/2-1/2

[Event "Mondiale Lampo FIDE 2022"]
[Site "Alma Ata"]
[Date "29.12.2022"]
[Round "7.32"]
[White "Paravyan, David"]
[Black "Esipenko, Andrey"]
[Result "1/2-1/2"]
[WhiteTitle ""]
[BlackTitle ""]
[WhiteElo "2586"]
[BlackElo "2678"]
[WhiteFideId "4194985"]
[BlackFideId "24175439"]
[EventDate "29.12.2022"]

1. e4 c6 2. d4 d5 3. e5 c5 4. Nf3 cxd4 5. Nxd4 Nc6 6. Nxc6 bxc6 7. Bd3 e6 8. O-O
Ne7 9. Nd2 a5 10. Nf3 Nf5 11. Re1 Be7 12. Bxf5 exf5 13. Nd4 Qb6 14. e6 Bxe6 15.
Nxe6 fxe6 16. Rxe6 Kf7 17. Re1 Bf6 18. Qd3 g6 19. Be3 Qb5 20. Qxb5 cxb5 21. Rad1
Rhd8 22. Bd4 b4 23. Re2 Bxd4 24. Rxd4 Rac8 25. Kf1 Rc4 26. Rd3 Rdc8 27. Rxd5
Rxc2 28. Rxc2 Rxc2 29. Rxa5 Rxb2 30. g3 Kf6 1/2-1/2

[Event "Mondiale Lampo FIDE 2022"]
[Site "Alma Ata"]
[Date "29.12.2022"]
[Round "7.33"]
[White "Gelfand, Boris"]
[Black "Bilguun, Sumiya"]
[Result "0-1"]
[WhiteTitle ""]
[BlackTitle ""]
[WhiteElo "2667"]
[BlackElo "2474"]
[WhiteFideId "2805677"]
[BlackFideId "4901541"]
[EventDate "29.12.2022"]

1. d4 d5 2. c4 e6 3. Nf3 c6 4. e3 Nf6 5. Bd3 Nbd7 6. b3 Bd6 7. Bb2 O-O 8. O-O
Re8 9. Ne5 Nf8 10. Nd2 c5 11. dxc5 Bxc5 12. cxd5 exd5 13. Rc1 Bd6 14. Ndf3 a6
15. h3 Ne4 16. Bb1 Bb8 17. Nd3 Ng6 18. Nc5 Ng5 19. Bxg6 hxg6 20. Nxg5 Qxg5 21.
f4 Qe7 22. Bd4 Bf5 23. Na4 Ba7 24. Rc3 b5 25. Nc5 b4 26. Rc1 Rec8 27. Na4 Rxc1
28. Qxc1 Bxd4 29. exd4 Qe2 30. Rf2 Qd3 31. Qc5 Re8 32. Qxb4 Qb1+ 33. Kh2 Re1 34.
Nc5 Rh1+ 35. Kg3 Qg1 36. Kf3 Be4+ 37. Nxe4 dxe4+ 38. Kg3 e3 39. Re2 Qh2+ 40. Kf3
Rf1+ 41. Ke4 Qxf4+ 42. Kd3 Rd1+ 43. Kc2 Qe4+ 44. Kb2 Qd3 45. Qb8+ Kh7 46. Qg3
Qxe2+ 0-1

[Event "Mondiale Lampo FIDE 2022"]
[Site "Alma Ata"]
[Date "29.12.2022"]
[Round "7.34"]
[White "Ponkratov, Pavel"]
[Black "Indjic, Aleksandar"]
[Result "0-1"]
[WhiteTitle ""]
[BlackTitle ""]
[WhiteElo "2577"]
[BlackElo "2636"]
[WhiteFideId "4157800"]
[BlackFideId "911925"]
[EventDate "29.12.2022"]

1. c4 c5 2. g3 g6 3. Bg2 Bg7 4. Nf3 Nc6 5. Nc3 d6 6. a3 h5 7. d3 Nh6 8. Rb1 Nf5
9. h3 Rb8 10. Bd2 a5 11. Ne4 Nfd4 12. Nxd4 Bxd4 13. Bc3 Bf5 14. e3 Bxc3+ 15.
bxc3 Qd7 16. h4 Bg4 17. Qc2 b6 18. O-O Bh3 19. Rb2 Bxg2 20. Kxg2 Ne5 21. f4 Ng4
22. Qe2 e6 23. Rfb1 Qc7 24. Nf2 Nf6 25. Rb5 Kf8 26. d4 Kg7 27. e4 Nd7 28. e5
cxd4 29. cxd4 Rbc8 30. d5 dxe5 31. dxe6 Qc6+ 32. Qe4 Qxe6 33. fxe5 Rxc4 34. Qe3
Re8 35. R5b2 Qc6+ 36. Qf3 Qxf3+ 37. Kxf3 Nxe5+ 38. Kg2 Nd7 39. Rd2 Re7 40. Nh3
Rc3 41. Nf4 Rxa3 42. Nd5 Re5 43. Nf4 Nc5 44. Rxb6 Rxg3+ 0-1

[Event "Mondiale Lampo FIDE 2022"]
[Site "Alma Ata"]
[Date "29.12.2022"]
[Round "7.35"]
[White "Adly, Ahmed"]
[Black "Madaminov, Mukhiddin"]
[Result "0-1"]
[WhiteTitle ""]
[BlackTitle ""]
[WhiteElo "2596"]
[BlackElo "2438"]
[WhiteFideId "10601619"]
[BlackFideId "14210703"]
[EventDate "29.12.2022"]

1. d4 Nf6 2. Nf3 g6 3. c4 Bg7 4. g3 d5 5. cxd5 Nxd5 6. Bg2 O-O 7. O-O Nb6 8. Nc3
Nc6 9. e3 e5 10. d5 Na5 11. e4 c6 12. Re1 Bg4 13. h3 Bxf3 14. Qxf3 cxd5 15. exd5
Nac4 16. a4 Nd6 17. a5 Nbc4 18. a6 Qb6 19. axb7 Qxb7 20. Qe2 f5 21. Ra4 Rfc8 22.
g4 Rab8 23. gxf5 gxf5 24. Ra2 Kh8 25. Kh1 a5 26. Rg1 Bf6 27. Nd1 Rg8 28. Ne3
Nxe3 29. Bxe3 Qb5 30. Qh5 Rg6 31. Raa1 Rbg8 32. Bf3 e4 33. Rxg6 Rxg6 34. Be2
Qxd5 35. Rd1 Qe6 36. b3 Be5 37. Bc5 Rh6 38. Qg5 Rxh3+ 39. Kg1 Nf7 40. Rd8+ Nxd8
41. Qxd8+ Qg8+ 42. Qxg8+ Kxg8 43. Kg2 Rh2+ 44. Kg1 Rh6 45. Bb5 Kg7 46. Bd7 Kf6
47. Be8 Rh3 48. Ba4 h5 49. Bb6 Bc3 50. Kg2 Rd3 51. Be8 h4 52. Bb5 h3+ 53. Kh2
Be5+ 54. f4 Bxf4+ 55. Kg1 h2+ 56. Kg2 Rd2+ 0-1

[Event "Mondiale Lampo FIDE 2022"]
[Site "Alma Ata"]
[Date "29.12.2022"]
[Round "7.36"]
[White "Nepomniachtchi, Ian"]
[Black "Tabatabaei, M. Amin"]
[Result "1-0"]
[WhiteTitle ""]
[BlackTitle ""]
[WhiteElo "2793"]
[BlackElo "2660"]
[WhiteFideId "4168119"]
[BlackFideId "12521213"]
[EventDate "29.12.2022"]

1. e4 e5 2. Nf3 Nc6 3. Bb5 a6 4. Ba4 Nf6 5. O-O Nxe4 6. d4 b5 7. Bb3 d5 8. dxe5
Be6 9. c3 Bc5 10. Nbd2 O-O 11. Bc2 Nxf2 12. Rxf2 Bxf2+ 13. Kxf2 f6 14. Kg1 fxe5
15. Nf1 Bg4 16. Ne3 Be6 17. b4 h6 18. a4 Qd6 19. Bb2 Ne7 20. Qe1 e4 21. Nd4 Bd7
22. a5 Ng6 23. Nxd5 Rae8 24. Qg3 Re5 25. c4 bxc4 26. Ne3 Nf4 27. Nxc4 Qxd4+ 28.
Bxd4 Ne2+ 29. Kh1 Nxg3+ 30. hxg3 Rd5 31. Bc5 Re8 32. Kg1 Kh8 33. Re1 Bb5 34. Ne3
Rd2 35. Bb3 c6 36. Nf5 Red8 37. Rxe4 Rb2 38. Nd4 Rb1+ 39. Kh2 Bd3 40. Re7 Rb2
41. Be6 Bf1 42. Bh3 Rf8 43. Nxc6 Rc2 44. Re1 Bb5 45. Bxf8 1-0

[Event "Mondiale Lampo FIDE 2022"]
[Site "Alma Ata"]
[Date "29.12.2022"]
[Round "7.37"]
[White "Maghsoodloo, Parham"]
[Black "Narayanan, S.L."]
[Result "1-0"]
[WhiteTitle ""]
[BlackTitle ""]
[WhiteElo "2719"]
[BlackElo "2669"]
[WhiteFideId "12539929"]
[BlackFideId "5058422"]
[EventDate "29.12.2022"]

1. d4 Nf6 2. c4 e6 3. Nc3 Bb4 4. Nf3 d5 5. a3 Bxc3+ 6. bxc3 c5 7. e3 O-O 8. a4
Re8 9. Bd3 dxc4 10. Bxc4 b6 11. Nd2 Bb7 12. O-O Nbd7 13. Qb3 Bd5 14. f3 Nf8 15.
Ba3 Rc8 16. Rfd1 cxd4 17. cxd4 Ng6 18. Rac1 Qd7 19. e4 Bc6 20. Qe3 Bxa4 21. Re1
Red8 22. Bb2 b5 23. Ba2 Rxc1 24. Rxc1 Rc8 25. Rc5 a5 26. h3 h6 27. Qc3 Rxc5 28.
dxc5 b4 29. Qe3 e5 30. Kh2 Bb5 31. Nc4 Bxc4 32. Bxc4 a4 33. Qe1 Qb7 34. Qd1 a3
35. Ba1 Qc7 36. Qb3 Qxc5 37. Bxf7+ Kh7 38. Qe6 Qc1 39. Bxe5 Nxe5 40. Qf5+ Kh8
41. Qxe5 Qc3 42. Qb8+ Kh7 43. e5 1-0

[Event "Mondiale Lampo FIDE 2022"]
[Site "Alma Ata"]
[Date "29.12.2022"]
[Round "7.38"]
[White "Vidit, Santosh Gujrathi"]
[Black "Chigaev, Maksim"]
[Result "1-0"]
[WhiteTitle ""]
[BlackTitle ""]
[WhiteElo "2730"]
[BlackElo "2632"]
[WhiteFideId "5029465"]
[BlackFideId "4108116"]
[EventDate "29.12.2022"]

1. d4 Nf6 2. c4 g6 3. Nc3 Bg7 4. e4 d6 5. Nf3 O-O 6. Be2 e5 7. O-O b6 8. Re1
exd4 9. Nxd4 Bb7 10. Bf1 Re8 11. f3 Nbd7 12. Bg5 h6 13. Be3 a6 14. Qd2 Kh7 15.
Rad1 Ne5 16. b3 Nfd7 17. h3 a5 18. Ndb5 Nc5 19. Bd4 Ne6 20. Be3 Nc5 21. Qf2 Ned7
22. Bd4 Bxd4 23. Rxd4 Ne6 24. Rd2 Qg5 25. g3 Qc5 26. f4 Bc6 27. Bg2 Qxf2+ 28.
Kxf2 Bxb5 29. Nxb5 Rac8 30. e5 Nec5 31. exd6 Rxe1 32. Kxe1 Re8+ 33. Kf2 cxd6 34.
Rxd6 Kg7 35. Nc7 Rb8 36. Bc6 Nf6 37. Kf3 Rc8 38. Nb5 Ne6 39. Bd5 Nc5 40. Rxb6
Re8 41. Rc6 Nd3 42. Rc7 Ne1+ 43. Kf2 Nd3+ 44. Kg2 Ne1+ 45. Kf1 Nxd5 46. cxd5 Nd3
47. d6 Re1+ 48. Kg2 Rd1 49. d7 Rd2+ 50. Kf3 Nb4 51. a3 Na6 52. Rc6 Nb8 53. Rd6
Rxd6 54. Nxd6 Nxd7 55. Nc4 1-0

[Event "Mondiale Lampo FIDE 2022"]
[Site "Alma Ata"]
[Date "29.12.2022"]
[Round "7.39"]
[White "Kovalev, Vladislav"]
[Black "Kobalia, Mikhail"]
[Result "1/2-1/2"]
[WhiteTitle ""]
[BlackTitle ""]
[WhiteElo "2623"]
[BlackElo "2577"]
[WhiteFideId "13504398"]
[BlackFideId "4119150"]
[EventDate "29.12.2022"]

1. e4 c5 2. Be2 Nc6 3. d3 g6 4. f4 Bg7 5. Nf3 d6 6. O-O Nf6 7. c3 O-O 8. Kh1 c4
9. Nbd2 cxd3 10. Bxd3 a6 11. Nb3 b5 12. Qe2 Nd7 13. Bd2 Bb7 14. a4 bxa4 15. Rxa4
a5 16. Be3 Nb6 17. Ra2 a4 18. Nbd4 Nd7 19. Nxc6 Bxc6 20. Bd4 Bxd4 21. Nxd4 Bb7
22. Bb5 Nc5 23. e5 Qb6 24. Re1 dxe5 25. Qxe5 e6 26. h3 Ra5 27. Qe2 Bd5 28. Ra3
Rb8 29. c4 Ba8 30. Rg3 Ra7 31. f5 Rd8 32. fxe6 Ne4 33. Rd3 Rxd4 34. Qe3 Rd6 35.
Qxb6 Rxb6 36. Rd8+ Kg7 37. exf7 Kxf7 38. Rxa8 Rxa8 39. Rxe4 Rd6 40. c5 Rd1+ 41.
Kh2 Rb1 42. Bxa4 Rxb2 43. Bd7 Kf6 44. c6 Rc2 45. Rf4+ Kg7 46. Rf3 Raa2 47. Rg3
Kh6 48. Rg4 Rc3 49. Rh4+ Kg7 50. Rg4 h5 51. Rg3 Rxg3 52. Kxg3 Rc2 53. h4 Kf6 54.
Kf4 Rc4+ 55. Kf3 Ke7 56. g3 Kd6 57. Be8 Ke7 58. Bxg6 Rxc6 59. Ke4 1/2-1/2

[Event "Mondiale Lampo FIDE 2022"]
[Site "Alma Ata"]
[Date "29.12.2022"]
[Round "7.40"]
[White "Brunello, Sabino"]
[Black "Harsha, Bharathakoti"]
[Result "1-0"]
[WhiteTitle ""]
[BlackTitle ""]
[WhiteElo "2519"]
[BlackElo "2593"]
[WhiteFideId "813613"]
[BlackFideId "5078776"]
[EventDate "29.12.2022"]

1. d4 d5 2. c4 e6 3. Nf3 c6 4. Nbd2 f5 5. g3 Nd7 6. Bg2 Nh6 7. O-O Nf7 8. Ne1 g5
9. Nd3 h5 10. b4 h4 11. b5 hxg3 12. hxg3 Qf6 13. bxc6 bxc6 14. Qa4 Nd8 15. cxd5
cxd5 16. Nf3 g4 17. Nfe5 Bh6 18. Bxh6 Qxh6 19. Rfc1 Rh7 20. Rc7 Nb7 21. Rac1 Kd8
22. Qc6 Nxe5 23. Rxc8+ Rxc8 24. Qxc8+ Ke7 25. Qxb7+ Nd7 26. Rc7 Kd8 27. Qc8+ 1-0

[Event "Mondiale Lampo FIDE 2022"]
[Site "Alma Ata"]
[Date "29.12.2022"]
[Round "7.41"]
[White "Sychev, Klementy"]
[Black "Sindarov, Javokhir"]
[Result "1-0"]
[WhiteTitle ""]
[BlackTitle ""]
[WhiteElo "2556"]
[BlackElo "2654"]
[WhiteFideId "4114060"]
[BlackFideId "14205483"]
[EventDate "29.12.2022"]

1. e4 c5 2. Nf3 g6 3. Bc4 Bg7 4. c3 d6 5. d4 cxd4 6. cxd4 Nf6 7. Nc3 O-O 8. Be2
Bg4 9. O-O Nc6 10. Be3 Qa5 11. Nd2 Bxe2 12. Qxe2 Rfc8 13. Rac1 Nd7 14. Nb3 Qd8
15. Rfd1 Na5 16. Nd2 Nb6 17. b3 Nc6 18. Nf3 Nd7 19. Nd5 e6 20. Nc3 Qa5 21. Nb5
Qa6 22. Kf1 Nb4 23. a4 d5 24. e5 Qb6 25. Nd6 Rxc1 26. Rxc1 Bf8 27. Qb5 Bxd6 28.
Qxd7 Nd3 29. Ng5 1-0

[Event "Mondiale Lampo FIDE 2022"]
[Site "Alma Ata"]
[Date "29.12.2022"]
[Round "7.42"]
[White "Andriasian, Zaven"]
[Black "Nesterov, Arseniy"]
[Result "1-0"]
[WhiteTitle ""]
[BlackTitle ""]
[WhiteElo "2580"]
[BlackElo "2573"]
[WhiteFideId "13302000"]
[BlackFideId "24198455"]
[EventDate "29.12.2022"]

1. e4 e5 2. Nf3 Nc6 3. Bc4 Bc5 4. d3 Nf6 5. c3 O-O 6. Nbd2 d6 7. O-O a5 8. h3 h6
9. Re1 a4 10. Nf1 Ra5 11. a3 Re8 12. Ng3 Bb6 13. Ba2 Be6 14. Bxe6 Rxe6 15. d4
Re8 16. Qd3 Qd7 17. d5 Ne7 18. Nh4 Kh7 19. Qf3 Rf8 20. Nhf5 Nxf5 21. Nxf5 Ng8
22. Qg4 g6 23. Nxh6 Qxg4 24. Nxg4 f5 25. Ne3 fxe4 26. c4 Bd4 27. Bd2 Rc5 28.
Rac1 Bxb2 29. Rc2 Bd4 30. Bb4 Ne7 31. Bxc5 Bxc5 32. Ng4 Ra8 33. Rc3 b5 34. cxb5
Nxd5 35. Rg3 e3 36. fxe3 Bxa3 37. Rd1 Nc3 38. Rf1 Kg7 39. Kh2 Bb2 40. Rgf3 Rg8
41. Rf7+ Kh8 42. Nf6 1-0

[Event "Mondiale Lampo FIDE 2022"]
[Site "Alma Ata"]
[Date "29.12.2022"]
[Round "7.43"]
[White "Gareyev, Timur"]
[Black "Predke, Alexandr"]
[Result "0-1"]
[WhiteTitle ""]
[BlackTitle ""]
[WhiteElo "2602"]
[BlackElo "2684"]
[WhiteFideId "14200937"]
[BlackFideId "24107581"]
[EventDate "29.12.2022"]

1. d4 d5 2. c4 e6 3. Nc3 Nf6 4. Bg5 dxc4 5. e3 c5 6. Bxf6 Qxf6 7. d5 g6 8. Bxc4
Bg7 9. Nge2 O-O 10. O-O exd5 11. Nxd5 Qd8 12. Nef4 Nc6 13. Qe2 Ne5 14. Rad1 Kh8
15. b3 a6 16. Qc2 Bf5 17. e4 Bd7 18. Be2 Rc8 19. a4 b5 20. axb5 axb5 21. Ne3 Qg5
22. Nfd5 Nc6 23. f4 Qd8 24. Bg4 Nd4 25. Qf2 f5 26. exf5 gxf5 27. Bf3 Nxb3 28.
Nb6 Qxb6 29. Rxd7 Nd4 30. Nd5 Qe6 31. Re7 Qd6 32. Rfe1 c4 33. Rxg7 Nxf3+ 34.
Qxf3 Kxg7 35. Re7+ Rf7 36. Qc3+ Kg8 37. Qg3+ Kf8 38. Re5 c3 39. Qh4 c2 0-1

[Event "Mondiale Lampo FIDE 2022"]
[Site "Alma Ata"]
[Date "29.12.2022"]
[Round "7.44"]
[White "Nguyen, Thai Dai Van"]
[Black "Ivic, Velimir"]
[Result "1-0"]
[WhiteTitle ""]
[BlackTitle ""]
[WhiteElo "2656"]
[BlackElo "2572"]
[WhiteFideId "358878"]
[BlackFideId "950122"]
[EventDate "29.12.2022"]

1. e4 c5 2. Nf3 Nc6 3. Bb5 e6 4. O-O Nge7 5. Re1 Nd4 6. Nxd4 cxd4 7. c3 a6 8.
Bf1 Nc6 9. b4 Bd6 10. a4 O-O 11. Bb2 f5 12. b5 Bxh2+ 13. Kxh2 Qh4+ 14. Kg1 fxe4
15. g3 Qf6 16. Qe2 Ne5 17. Bg2 Nd3 18. Ba3 Nxe1 19. Qxe1 d6 20. Bxd6 Rd8 21. Bc7
Rd7 22. b6 e5 23. Qxe4 Re7 24. Na3 Bf5 25. Qxb7 Rf8 26. cxd4 Bc8 27. Qd5+ Kh8
28. Rf1 Bg4 29. dxe5 Qg6 30. Bd6 Be6 31. Qe4 Bf5 32. Qb4 1-0

[Event "Mondiale Lampo FIDE 2022"]
[Site "Alma Ata"]
[Date "29.12.2022"]
[Round "7.45"]
[White "Adhiban, Baskaran"]
[Black "Makarian, Rudik"]
[Result "1/2-1/2"]
[WhiteTitle ""]
[BlackTitle ""]
[WhiteElo "2611"]
[BlackElo "2554"]
[WhiteFideId "5018471"]
[BlackFideId "44105681"]
[EventDate "29.12.2022"]

1. e4 d6 2. Nc3 Nf6 3. f4 c5 4. Nf3 Nc6 5. Bb5 Bd7 6. O-O a6 7. Bxc6 Bxc6 8. d3
e6 9. a4 b5 10. axb5 axb5 11. Rxa8 Qxa8 12. Qe1 Be7 13. f5 b4 14. Nd1 Qc8 15.
fxe6 Qxe6 16. Ne3 g6 17. Ng5 Qd7 18. Nc4 h6 19. Nxf7 Kxf7 20. e5 Kg7 21. exf6+
Bxf6 22. b3 Qg4 23. Qf2 Rf8 24. h3 Qe6 25. Bb2 Rf7 26. Re1 Qd5 27. Bxf6+ Rxf6
28. Re7+ Kg8 29. Qe2 Qd4+ 30. Qe3 Qxe3+ 31. Nxe3 h5 32. Rc7 Be8 33. Nd5 Re6 34.
h4 Kf8 35. Kf2 Bf7 36. g3 Re5 37. Nf4 Re7 38. Rc6 Rd7 39. Kf3 Ke7 40. Ke4 Ra7
41. d4 cxd4 42. Kxd4 Ra5 43. Rb6 Rc5 44. Rb7+ Kf6 45. Rxb4 Rxc2 46. Rb6 Kf5 47.
Rxd6 Rd2+ 48. Kc5 Rxd6 49. Kxd6 Bxb3 50. Nd3 Bc2 51. Nf2 Bb3 52. Ke7 Ke5 53. Kf8
Kd4 54. Kg7 Ke3 55. Kxg6 Kxf2 56. Kxh5 1/2-1/2

[Event "Mondiale Lampo FIDE 2022"]
[Site "Alma Ata"]
[Date "29.12.2022"]
[Round "7.46"]
[White "Dardha, Daniel"]
[Black "Moussard, Jules"]
[Result "0-1"]
[WhiteTitle ""]
[BlackTitle ""]
[WhiteElo "2606"]
[BlackElo "2684"]
[WhiteFideId "240990"]
[BlackFideId "642908"]
[EventDate "29.12.2022"]

1. d4 Nf6 2. Bg5 d5 3. e3 e6 4. Nd2 c5 5. c3 Nc6 6. Bd3 Bd6 7. f4 Bd7 8. Ngf3
cxd4 9. cxd4 Nb4 10. Bb1 Bb5 11. Ne5 h6 12. Bh4 Rc8 13. a3 Nc6 14. Bc2 Be7 15.
Ba4 Qb6 16. Bxf6 gxf6 17. Nef3 Bxa4 18. Qxa4 Qxb2 19. Rb1 Qxa3 20. Qxa3 Bxa3 21.
Rxb7 Bd6 22. Ke2 Rc7 23. Rb2 Kd7 24. Rhb1 a5 25. g3 a4 26. e4 a3 27. Rb5 Ra8 28.
exd5 exd5 29. Ra1 Nb4 30. Nb3 a2 31. Ne1 Kc6 32. Ra5 Rxa5 33. Nxa5+ Kb5 34. Nb3
Ka4 35. Nc1 Ka3 36. Ned3 Rc2+ 37. Kd1 Rxh2 38. Ne1 Kb2 0-1

[Event "Mondiale Lampo FIDE 2022"]
[Site "Alma Ata"]
[Date "29.12.2022"]
[Round "7.47"]
[White "Urazayev, Arystanbek"]
[Black "Vokhidov, Shamsiddin"]
[Result "0-1"]
[WhiteTitle ""]
[BlackTitle ""]
[WhiteElo "2465"]
[BlackElo "2579"]
[WhiteFideId "13709810"]
[BlackFideId "14204223"]
[EventDate "29.12.2022"]

1. d4 Nf6 2. c4 e6 3. Nc3 Bb4 4. Nf3 d5 5. Bg5 h6 6. Bxf6 Qxf6 7. Qa4+ Nc6 8. e3
O-O 9. Rc1 Rd8 10. Be2 Bd7 11. Qb3 dxc4 12. Qxc4 Qe7 13. O-O Bd6 14. Ne4 Be8 15.
a3 Rac8 16. b4 Nb8 17. Nc5 Bc6 18. Qc2 b6 19. Ne4 Bb7 20. Rfd1 Nd7 21. Bb5 f5
22. Nxd6 cxd6 23. Qe2 Nf6 24. Ba6 Ne4 25. Bxb7 Qxb7 26. Qa2 Qd5 27. Qxd5 exd5
28. Rxc8 Rxc8 29. Nh4 Rc2 30. Nxf5 Nxf2 31. Rf1 Ne4 32. Ne7+ Kh7 33. Nxd5 Ra2
34. h4 Rxa3 35. Rf4 Nc3 36. Nxc3 Rxc3 37. Kf2 Kg8 38. Rf5 a6 39. Rd5 Rb3 40.
Rxd6 Rxb4 41. e4 a5 42. e5 Kf7 43. d5 Ke7 44. Re6+ Kf7 45. Rc6 Rd4 46. Rc7+ Kg6
47. d6 Kf5 48. Re7 a4 49. Ke3 Rd1 50. d7 a3 51. Ke2 a2 52. Kxd1 a1=Q+ 53. Ke2
Qb2+ 54. Kf3 Qa3+ 0-1

[Event "Mondiale Lampo FIDE 2022"]
[Site "Alma Ata"]
[Date "29.12.2022"]
[Round "7.48"]
[White "Suleymanli, Aydin"]
[Black "Lintchevski, Daniil"]
[Result "1-0"]
[WhiteTitle ""]
[BlackTitle ""]
[WhiteElo "2543"]
[BlackElo "2548"]
[WhiteFideId "13413937"]
[BlackFideId "4171055"]
[EventDate "29.12.2022"]

1. d4 d5 2. c4 dxc4 3. e3 e5 4. Bxc4 exd4 5. Nf3 Bd6 6. exd4 Nf6 7. h3 O-O 8.
O-O h6 9. Qd3 Nc6 10. a3 Ne7 11. Re1 c6 12. Qb3 Ned5 13. Nc3 Bc7 14. Ne5 Bb6 15.
Nf3 Be6 16. Na4 Re8 17. Bd2 Nc7 18. Nc5 Bxc5 19. dxc5 Bxc4 20. Qxc4 Rxe1+ 21.
Rxe1 Qd7 22. Bf4 Ne6 23. Bd6 Re8 24. Ne5 Qc8 25. b4 a6 26. a4 Nd7 27. Ng6 fxg6
28. Rxe6 Kh7 29. f3 Nf6 30. Re5 Rxe5 31. Bxe5 Nd5 32. Qd4 Qd7 33. h4 Qf7 34. Kh2
Qe7 35. Kg1 Qf7 36. Kf2 Qe7 37. b5 axb5 1-0

[Event "Mondiale Lampo FIDE 2022"]
[Site "Alma Ata"]
[Date "29.12.2022"]
[Round "7.49"]
[White "Aravindh, Chithambaram VR."]
[Black "Suleymenov, Alisher"]
[Result "1-0"]
[WhiteTitle ""]
[BlackTitle ""]
[WhiteElo "2607"]
[BlackElo "2476"]
[WhiteFideId "5072786"]
[BlackFideId "13707833"]
[EventDate "29.12.2022"]

1. g3 g6 2. Bg2 Bg7 3. Nf3 Nf6 4. O-O O-O 5. c4 c5 6. Nc3 d5 7. cxd5 Nxd5 8. Qb3
Nb6 9. d3 Be6 10. Qd1 Nc6 11. Be3 Nd4 12. Ng5 Bc8 13. Rc1 h6 14. Nge4 c4 15.
dxc4 Nxc4 16. Bxd4 Bxd4 17. Nb5 Ne3 18. Qxd4 Nxf1 19. Qxd8 Rxd8 20. Kxf1 a6 21.
Nbc3 Rb8 22. Ke1 b6 23. Nd2 Be6 24. a3 Kg7 25. Nf3 g5 26. e3 Rbc8 27. Nd4 Bd7
28. Bb7 Rc7 29. Bxa6 e5 30. Nf3 f6 31. Rd1 Ra8 32. Be2 Be6 33. Rd6 Bg4 34. Nxg5 1-0

[Event "Mondiale Lampo FIDE 2022"]
[Site "Alma Ata"]
[Date "29.12.2022"]
[Round "7.50"]
[White "Damjanovic, Vuk"]
[Black "Anton Guijarro, David"]
[Result "1/2-1/2"]
[WhiteTitle ""]
[BlackTitle ""]
[WhiteElo "2361"]
[BlackElo "2675"]
[WhiteFideId "980021"]
[BlackFideId "2285525"]
[EventDate "29.12.2022"]

1. d4 Nf6 2. Nf3 d5 3. c4 e6 4. Nc3 Bb4 5. Bg5 dxc4 6. e4 c5 7. Bxc4 cxd4 8.
Nxd4 Qa5 9. Bxf6 Bxc3+ 10. bxc3 Qxc3+ 11. Kf1 gxf6 12. Rc1 Qa5 13. h4 Ke7 14.
Nb3 Qe5 15. Rh3 Nc6 16. Rd3 Rd8 17. Rxd8 Nxd8 18. Qd2 Qd6 19. Qh6 Nc6 20. Kg1
Bd7 21. Qxh7 Rc8 22. Qh6 Nd4 23. Bf1 Rxc1 24. Qxc1 Nxb3 25. axb3 Qe5 26. Qc4 Bc6
27. f3 Kf8 28. Qb4+ Kg7 29. Kf2 a5 30. Qd2 b5 31. Qxa5 Qc5+ 32. Kg3 Qe5+ 33. Kh3
Qc5 34. Qe1 Qg1 35. Kg3 Qc5 36. Qd2 Qe5+ 37. Kf2 Qc5+ 38. Qe3 Qc2+ 39. Be2 b4
40. Qd3 Qc5+ 41. Qe3 Qc2 42. Kg3 e5 43. Qd3 Qc5 44. Qc4 Qd6 45. Qd3 Qc5 46. Qc4
Qd6 47. Qd3 Qc5 1/2-1/2

[Event "Mondiale Lampo FIDE 2022"]
[Site "Alma Ata"]
[Date "29.12.2022"]
[Round "7.51"]
[White "Agmanov, Zhandos"]
[Black "Ter-Sahakyan, Samvel"]
[Result "1/2-1/2"]
[WhiteTitle ""]
[BlackTitle ""]
[WhiteElo "2442"]
[BlackElo "2605"]
[WhiteFideId "13708309"]
[BlackFideId "13302531"]
[EventDate "29.12.2022"]

1. d4 Nf6 2. c4 e6 3. Nf3 d5 4. Nc3 Bb4 5. Qa4+ Nc6 6. e3 O-O 7. Qc2 Na5 8. cxd5
exd5 9. Bd3 Nc6 10. O-O Bd6 11. a3 Ne7 12. Ne5 c5 13. b3 a6 14. Na4 cxd4 15.
exd4 Ng6 16. f4 Bd7 17. Nxd7 Nxd7 18. f5 Ne7 19. Bg5 Nf6 20. Be2 Nc6 21. Qd3 Rc8
22. Kh1 Re8 23. Bf3 b5 24. Nc3 Nxd4 25. Nxd5 Be5 26. Rad1 Nxf3 27. Qxf3 Qa5 28.
Nxf6+ Bxf6 29. Bxf6 gxf6 30. b4 Qb6 31. Qg3+ Kh8 32. Rd6 Rc6 33. Rd7 Rg8 34. Qf3
Rc7 35. Rxc7 Qxc7 36. Rd1 Rd8 37. Re1 Qd7 38. h3 Rg8 39. Qc3 Qd6 40. Qf3 Qd4 41.
Rd1 Qe5 42. Rf1 Rd8 43. Qb7 Kg7 44. Qxa6 Rd3 45. Qa7 Qe4 46. Kg1 Rd2 47. Rf2
Qe1+ 48. Rf1 Qe4 49. Rf2 Qe1+ 50. Rf1 Qe4 51. Rf2 1/2-1/2